| 000 | 00402nam a22001577a 4500 | ||
|---|---|---|---|
| 003 | SGT | ||
| 020 | _a9783131216410 | ||
| 082 |
_a617.8059 _bS2000T |
||
| 100 | _aTOS, MIRKO | ||
| 245 | _aSURGICAL SOLUTIONS FOR CONDUCTIVE HEARING LOSS VOL-4 | ||
| 260 |
_aNEW YORK _bTHIEME PUB _c2000 |
||
| 300 | _a269 | ||
| 650 | _aENT | ||
| 653 | _aSURGICAL SOLUTIONS FOR CONDUCTIVE HEARING LOSS | ||
| 942 |
_2ddc _cBK |
||
| 999 |
_c23257 _d23257 |
||